00608nam a2200169 450000500170000001000150001702000260003203500140005803700130007208200120008510000180009724501210011526000460023627000810028230000250036350000500038820220607163118.0 aENG-127149 a9789352876457c875.00 aEN-110681 bDBAD/PUB a891.400 aAnjaria, Ulka aReading India now :bcontemporary formations in literature and popular culture /cby Michael Freeman [and] Joel Ross aHyderabadbOrient Blankswan Privatec2019 a3-6-752 Himayatnagar, HyderabadbTelanganae500029mindo@orientblackswan.com axiv;264p .c23cm(Hb) aIncludes bibliographical references and index